000 00897nas a2200313 4500
001 BR0707277
003 BR-BrBNA
005 20231205111347.0
007 ta
008 230509b bl.|||p| |||| 00| 00por d
040 _aBR-BrBNA
_bpor
_cBiblioteca Nacional de Agricultura
041 _a(Pt)
072 _aF30
100 1 _aReis, R.A.
100 1 _aRuggieri, A.C.
100 1 _aAntonialli, M.
100 1 _aMoreira, A.L.
100 1 _aSimilli, F.F.
100 1 _aNussio, L.G.
245 1 _aCaracterísticas morfológicas e químicas de híbridos de milho (Zea mays L.)cultivados na safrinha
650 _aMILHO
650 _aHÍBRIDO
650 _aGRÃO
650 _aSILAGEM
650 _aNUTRIENTE
773 0 _tRevista Ceres (Brazil)
_xISSN 0034-737X
_g(Nov-Dec 2005), v. 52(304) p. 887-902
_wBR0707277
909 _a202311
_bLúcia
_c55
_dLúcia Elande
942 _2AGRIS
_n0
_cANA
999 _c192264
_d192264